[Event "Bucharest ROM GP"]
[Site "Bucharest"]
[Date "2025.05.10"]
[Round "2"]
[White "David, Cristian"]
[Black "Predke, Alexandr"]
[Result "0-1"]
[WhiteElo "1847"]
[BlackElo "2631"]
[PlyCount "74"]
[EventDate "2025.05.10"]
[EventType "swiss"]
[EventRounds "10"]
[EventCountry "ROU"]
[SourceTitle "CB20_2025"]
[SourceDate "2025.05.14"]
[SourceVersion "1"]
[SourceVersionDate "2025.05.14"]
[SourceQuality "1"]

1. d4 Nf6 2. Nf3 e6 3. g3 b5 4. Bg2 Bb7 5. 0-0 c5 6. e3 Na6 7. a3 Nc7 8. Nc3 a5 9. b3 b4 10. Na4 cxd4 11. exd4 Nb5 12. axb4 axb4 13. Bb2 Qc7 14. Re1 Be7 15. Qd3 Rb8 16. Re5 Bd5 17. Nd2 Bxg2 18. Kxg2 d6 19. Re2 Qb7+ 20. Qf3 Nc7 21. Qxb7 Rxb7 22. Nc4 Nfd5 23. Ne3 Kd7 24. Rb1 h5 25. h4 Rc8 26. Nc4 Nb5 27. Ra1 Bf6 28. Rd2 Ke7 29. f3 Ndc3 30. Nab6 Rcb8 31. Na4 Bxd4 32. Re1 d5 33. Na5 Rc7 34. Bxc3 Bxc3 35. Nxc3 Nxc3 36. Rd4 Rc5 37. Ra1 Rbb5 0-1

[Event "ROM-ch U18"]
[Site "Calimanesti Caciulata"]
[Date "2019.04.22"]
[Round "9"]
[White "Cotruta, Alexandru Mihai"]
[Black "David, Cristian"]
[Result "1/2-1/2"]
[WhiteElo "1897"]
[BlackElo "1926"]
[PlyCount "54"]
[EventDate "2019.04.15"]
[EventType "swiss"]
[EventRounds "9"]
[EventCountry "ROU"]
[SourceTitle "CBM 190 Extra"]
[Source "ChessBase"]
[SourceDate "2019.07.15"]
[SourceVersion "1"]
[SourceVersionDate "2019.07.15"]
[SourceQuality "1"]

1. d4 d6 2. e4 Nf6 3. Nd2 g6 4. Ngf3 Bg7 5. Bd3 Nbd7 6. 0-0 0-0 7. c3 e5 8. Nb3 Qe8 9. Re1 a5 10. a4 Nb6 11. dxe5 dxe5 12. Nc5 Nfd7 13. Be3 Kh8 14. b4 Nxc5 15. Bxc5 Rg8 16. bxa5 Nd7 17. Bb4 c5 18. Ba3 Rxa5 19. Bb5 Qe7 20. Qd5 Bf6 21. Bxd7 Qxd7 22. Nxe5 Qxd5 23. exd5 Bxe5 24. Rxe5 f6 25. Re7 Rxa4 26. c4 Rg7 27. Re8+ Rg8 1/2-1/2

[Event "ROM-ch U18"]
[Site "Calimanesti Caciulata"]
[Date "2019.04.20"]
[Round "7"]
[White "David, Cristian"]
[Black "Muntianu, Razvan Gavril"]
[Result "1/2-1/2"]
[WhiteElo "1926"]
[BlackElo "1777"]
[PlyCount "53"]
[EventDate "2019.04.15"]
[EventType "swiss"]
[EventRounds "9"]
[EventCountry "ROU"]
[SourceTitle "CBM 190 Extra"]
[Source "ChessBase"]
[SourceDate "2019.07.15"]
[SourceVersion "1"]
[SourceVersionDate "2019.07.15"]
[SourceQuality "1"]

1. e4 c5 2. Nf3 e6 3. b3 Nc6 4. Bb2 Nf6 5. e5 Nd5 6. Nc3 Nxc3 7. dxc3 d5 8. exd6 Bxd6 9. Bd3 0-0 10. h4 f6 11. h5 Ne5 12. h6 g6 13. Nxe5 Bxe5 14. Qd2 Qc7 15. g3 f5 16. 0-0-0 f4 17. Kb1 fxg3 18. fxg3 Bxg3 19. Bxg6 hxg6 20. h7+ Kh8 21. c4+ e5 22. Qg5 Bf4 23. Qxg6 Bf5 24. Qg2 Rf7 25. Qf3 Raf8 26. Rdf1 Bxh7 27. Qe4 1/2-1/2

[Event "ROM-ch U18"]
[Site "Calimanesti"]
[Date "2018.03.30"]
[Round "5"]
[White "David, Cristian"]
[Black "Csurka, Roland"]
[Result "1-0"]
[WhiteElo "1879"]
[BlackElo "1851"]
[PlyCount "65"]
[EventDate "2018.03.27"]
[EventType "swiss"]
[EventRounds "9"]
[EventCountry "ROU"]
[SourceTitle "CBM 183 Extra"]
[Source "ChessBase"]
[SourceDate "2018.04.19"]
[SourceVersion "1"]
[SourceVersionDate "2018.04.19"]
[SourceQuality "1"]

1. Nf3 Nf6 2. g3 d5 3. Bg2 h6 4. d4 Bf5 5. 0-0 e6 6. c4 c6 7. Nc3 Bd6 8. Qb3 Qb6 9. c5 Qxb3 10. axb3 Bc7 11. b4 Ne4 12. Nd2 Nxc3 13. bxc3 0-0 14. e4 Bg6 15. c4 Rd8 16. cxd5 exd5 17. b5 Nd7 18. bxc6 bxc6 19. exd5 cxd5 20. Bxd5 Rac8 21. Bb7 Rb8 22. Rxa7 Nf6 23. Bg2 Rbc8 24. Bh3 Bb8 25. Ra3 Rc7 26. Bb2 Rb7 27. Ba1 Bc7 28. Bg2 Rb4 29. Bc3 Rb5 30. Re1 Nd5 31. Bxd5 Rxd5 32. Re7 Rb7 33. c6 1-0

[Event "ROM-ch U18"]
[Site "Calimanesti"]
[Date "2018.03.29"]
[Round "3"]
[White "David, Cristian"]
[Black "Mortu, Adrian"]
[Result "1-0"]
[WhiteElo "1879"]
[BlackElo "1787"]
[PlyCount "80"]
[EventDate "2018.03.27"]
[EventType "swiss"]
[EventRounds "9"]
[EventCountry "ROU"]
[SourceTitle "CBM 183 Extra"]
[Source "ChessBase"]
[SourceDate "2018.04.19"]
[SourceVersion "1"]
[SourceVersionDate "2018.04.19"]
[SourceQuality "1"]

1. d4 d5 2. c4 e6 3. Nc3 c5 4. cxd5 cxd4 5. Qxd4 Nc6 6. Qd1 exd5 7. e3 Nf6 8. Nf3 Bg4 9. Be2 Bb4 10. 0-0 0-0 11. h3 Bh5 12. Bd2 Rc8 13. a3 Bd6 14. Nb5 Bb8 15. Qb3 Ne4 16. Rfd1 Ne5 17. Nbd4 Nc5 18. Qa2 Bg6 19. Bb4 Be4 20. Nxe5 Bxe5 21. Bf3 Qh4 22. Bxc5 Rxc5 23. Bxe4 dxe4 24. b4 Rc3 25. Qd5 Re8 26. Rac1 Qg5 27. Qd7 Rd8 28. Qxd8+ Qxd8 29. Rxc3 g6 30. Rc5 Qf6 31. Rd5 Kg7 32. Rc1 Bd6 33. Rb5 Qe7 34. Rc4 Bb8 35. Rd5 Bd6 36. Ne2 Qf6 37. Rcd4 Bb8 38. Nc3 Qa6 39. a4 Qc6 40. Rc5 Qxc5 1-0

[Event "ROM-ch U16"]
[Site "Baile Felix"]
[Date "2017.02.09"]
[Round "9"]
[White "Petrusan, George Cristian"]
[Black "David, Cristian"]
[Result "0-1"]
[WhiteElo "1355"]
[BlackElo "1873"]
[PlyCount "138"]
[EventDate "2017.02.02"]
[EventType "swiss"]
[EventRounds "9"]
[EventCountry "ROU"]
[SourceTitle "EXT 2018"]
[Source "ChessBase"]
[SourceDate "2017.10.13"]
[SourceVersion "1"]
[SourceVersionDate "2017.10.13"]
[SourceQuality "1"]

1. d4 d5 2. e3 c5 3. c3 e6 4. Bd3 Nc6 5. f4 Qc7 6. Nf3 Bd6 7. g3 Nge7 8. 0-0 Bd7 9. Ne5 g6 10. Nd2 Nf5 11. Ndf3 f6 12. Nxc6 Bxc6 13. Bc2 h5 14. Bxf5 gxf5 15. Nh4 0-0-0 16. Rf2 Rdg8 17. a4 a6 18. Kf1 Rg4 19. Qc2 Kb8 20. b3 Rhg8 21. Ba3 Bd7 22. Rc1 Rc8 23. Qb2 Ka8 24. Qa1 Qb6 25. Qb1 c4 26. Bxd6 Qxd6 27. a5 cxb3 28. Qxb3 Bb5+ 29. Ke1 Rc4 30. Ra1 Qc7 31. Rc2 Qg7 32. Kf2 Qd7 33. Ke1 Rg8 34. Ra3 Qc6 35. Rc1 Rb8 36. Nf3 Qc7 37. Nd2 Rc6 38. Qb2 Bc4 39. Nxc4 Rxc4 40. Qb6 Qe7 41. Rb3 e5 42. Kf2 exd4 43. exd4 Re8 44. Rcb1 Rc7 45. Kf1 Qe2+ 46. Kg1 Rce7 47. R3b2 Qf3 48. Rf1 Qxc3 49. Rbf2 Re6 50. Qc5 Qxc5 51. dxc5 Rc6 52. Rc1 Rec8 53. Rfc2 d4 54. Rd1 Rxc5 55. Rxc5 Rxc5 56. Rxd4 Rxa5 57. Rd8+ Ka7 58. h4 Ra2 59. Rh8 b5 60. Kf1 b4 61. Ke1 b3 62. Kd1 Rg2 63. Kc1 a5 64. Rxh5 a4 65. Rxf5 Kb6 66. Rxf6+ Kb5 67. Rf5+ Kb4 68. h5 a3 69. h6 a2 0-1

[Event "ROM-ch U16"]
[Site "Baile Felix"]
[Date "2017.02.08"]
[Round "8"]
[White "David, Cristian"]
[Black "Apahidean, Ioan"]
[Result "0-1"]
[WhiteElo "1873"]
[BlackElo "1701"]
[PlyCount "68"]
[EventDate "2017.02.02"]
[EventType "swiss"]
[EventRounds "9"]
[EventCountry "ROU"]
[SourceTitle "CBM 176 Extra"]
[Source "ChessBase"]
[SourceDate "2017.03.02"]
[SourceVersion "1"]
[SourceVersionDate "2017.03.02"]
[SourceQuality "1"]

1. d4 b5 2. Nf3 Bb7 3. e3 a6 4. a4 b4 5. c4 a5 6. Bd3 e6 7. Nbd2 c5 8. 0-0 Nf6 9. b3 d6 10. Bb2 Nbd7 11. Qe2 Qc7 12. Rac1 Be7 13. Rfd1 0-0-0 14. Bc2 h6 15. e4 e5 16. dxe5 dxe5 17. Nf1 g5 18. Ng3 g4 19. Nf5 Bf8 20. N3h4 h5 21. Rd2 Nb8 22. Rxd8+ Kxd8 23. f4 gxf3 24. Nxf3 Nc6 25. Qd2+ Kc8 26. Qg5 Nd7 27. Rd1 Nd4 28. N3xd4 cxd4 29. Nxd4 Bc5 30. Kh1 Bxd4 31. Bxd4 exd4 32. Rxd4 Qe5 33. Qe3 Nf6 34. Rd1 Qxh2+ 0-1

[Event "ROM-ch U16"]
[Site "Baile Felix"]
[Date "2017.02.07"]
[Round "7"]
[White "Palii, Alex"]
[Black "David, Cristian"]
[Result "1/2-1/2"]
[WhiteElo "1809"]
[BlackElo "1873"]
[PlyCount "95"]
[EventDate "2017.02.02"]
[EventType "swiss"]
[EventRounds "9"]
[EventCountry "ROU"]
[SourceTitle "CBM 176 Extra"]
[Source "ChessBase"]
[SourceDate "2017.03.02"]
[SourceVersion "1"]
[SourceVersionDate "2017.03.02"]
[SourceQuality "1"]

1. e4 e6 2. Nf3 d5 3. e5 c5 4. b4 cxb4 5. a3 Nc6 6. axb4 Bxb4 7. c3 Be7 8. d4 h5 9. h4 Nh6 10. Bd3 Nf5 11. g3 a6 12. 0-0 Bd7 13. Re1 g6 14. Ng5 b5 15. Bxf5 gxf5 16. Nh3 Qb6 17. Nf4 0-0-0 18. Na3 Na5 19. Re2 Bc6 20. Rea2 Rdg8 21. Kh2 Nb7 22. Nxh5 Qd8 23. Nc2 a5 24. Nb4 Kd7 25. Nxc6 Kxc6 26. Kg2 Rg4 27. Nf6 Bxf6 28. exf6 Rhxh4 29. Kf3 Rh2 30. Qf1 Re4 31. Rb1 Qb6 32. Bf4 Rxf4+ 33. Kxf4 Nd6 34. Kf3 Ne4 35. Qc1 e5 36. Qe3 f4 37. Qe1 fxg3 38. c4 Qxd4 39. cxd5+ Kd7 40. Qxe4 Rxf2+ 41. Rxf2 Qxf2+ 42. Kg4 Qxf6 43. Rxb5 g2 44. Rb7+ Kc8 45. Rb1 g1R+ 46. Rxg1 Qg7+ 47. Kf3 Qxg1 48. Qf5+ 1/2-1/2

[Event "ROM-ch U16"]
[Site "Calimanesti Caciulata"]
[Date "2016.04.21"]
[Round "4"]
[White "Bobocea, Laurentiu Vlad"]
[Black "David, Cristian"]
[Result "1/2-1/2"]
[WhiteElo "1728"]
[BlackElo "1726"]
[PlyCount "45"]
[EventDate "2016.04.18"]
[EventType "swiss"]
[EventRounds "9"]
[EventCountry "ROU"]
[SourceTitle "CBM 172 Extra"]
[Source "ChessBase"]
[SourceDate "2016.06.21"]
[SourceVersion "1"]
[SourceVersionDate "2016.06.21"]
[SourceQuality "1"]

1. c4 e5 2. Nc3 f5 3. g3 Nf6 4. Bg2 Nc6 5. e3 d6 6. Nge2 Be6 7. Nd5 e4 8. Nef4 Bf7 9. d4 g5 10. Nxf6+ Qxf6 11. Nd5 Bxd5 12. cxd5 Ne7 13. Qb3 b6 14. g4 Bg7 15. Qb5+ Kf7 16. Bd2 Rhe8 17. 0-0 h5 18. gxf5 Kg8 19. Bxe4 Nxf5 20. Bxf5 Qxf5 21. f3 c5 22. Qb3 cxd4 23. e4 1/2-1/2

[Event "ROM-ch U14"]
[Site "Calimanesti"]
[Date "2015.04.03"]
[Round "6"]
[White "David, Cristian"]
[Black "Pasca, Mihai Alexandru"]
[Result "1/2-1/2"]
[WhiteElo "1681"]
[BlackElo "1531"]
[PlyCount "56"]
[EventDate "2015.03.30"]
[EventType "swiss"]
[EventRounds "9"]
[EventCountry "ROU"]
[SourceTitle "CBM 165 Extra"]
[Source "ChessBase"]
[SourceDate "2015.04.21"]
[SourceVersion "1"]
[SourceVersionDate "2015.04.21"]
[SourceQuality "1"]

1. d4 f5 2. c4 Nf6 3. Nc3 g6 4. Nf3 d6 5. d5 Bg7 6. Bf4 0-0 7. Nd2 c6 8. f3 cxd5 9. cxd5 Qb6 10. Nb3 Nbd7 11. Bg3 a6 12. Bf2 Qc7 13. Rc1 Nc5 14. g3 e6 15. Bg2 Nxb3 16. axb3 e5 17. 0-0 Qe7 18. e4 Bd7 19. Rc2 Bh6 20. h3 Rac8 21. g4 fxg4 22. fxg4 Bf4 23. Qd3 g5 24. Be3 h6 25. Rfc1 Rc7 26. Qe2 Rfc8 27. Nd1 Bb5 28. Qd2 h5 1/2-1/2

[Event "ROM-ch U14"]
[Site "Calimanesti"]
[Date "2015.04.02"]
[Round "4"]
[White "Trifu, Cristian Antonio"]
[Black "David, Cristian"]
[Result "0-1"]
[WhiteElo "1117"]
[BlackElo "1681"]
[PlyCount "45"]
[EventDate "2015.03.30"]
[EventType "swiss"]
[EventRounds "9"]
[EventCountry "ROU"]
[SourceTitle "CBM 165 Extra"]
[Source "ChessBase"]
[SourceDate "2015.04.21"]
[SourceVersion "1"]
[SourceVersionDate "2015.04.21"]
[SourceQuality "1"]

1. e4 e6 2. d4 d5 3. e5 c5 4. Nf3 Qb6 5. b3 Nc6 6. Bb2 a5 7. Na3 cxd4 8. Nxd4 Bxa3 9. Bxa3 Qxd4 10. Qxd4 Nxd4 11. 0-0-0 Nc6 12. Bb2 Nge7 13. g3 Bd7 14. Bh3 a4 15. a3 axb3 16. cxb3 0-0 17. f4 Rfc8 18. Kb1 Na5 19. b4 Nc4 20. Rd3 Bb5 21. Rc3 d4 22. Rcc1 Nd2+ 23. Ka2 0-1

[Event "ROM-ch U14"]
[Site "Calimanesti"]
[Date "2015.03.31"]
[Round "2"]
[White "Iustin, Silviu"]
[Black "David, Cristian"]
[Result "1-0"]
[WhiteElo "1572"]
[BlackElo "1681"]
[PlyCount "77"]
[EventDate "2015.03.30"]
[EventType "swiss"]
[EventRounds "9"]
[EventCountry "ROU"]
[SourceTitle "CBM 165 Extra"]
[Source "ChessBase"]
[SourceDate "2015.04.21"]
[SourceVersion "1"]
[SourceVersionDate "2015.04.21"]
[SourceQuality "1"]

1. e4 e6 2. d3 c5 3. Nc3 Nc6 4. f4 a6 5. Nf3 Nge7 6. g3 g6 7. Bg2 Bg7 8. Ne2 d5 9. c3 b6 10. 0-0 Bb7 11. e5 0-0 12. b3 Qc7 13. Bb2 Rfd8 14. d4 Nf5 15. Qd2 Bf8 16. Rac1 Qd7 17. g4 Ng7 18. Ng3 Be7 19. g5 cxd4 20. cxd4 a5 21. a3 Ba6 22. Rfd1 a4 23. b4 Bc4 24. Bf1 Bb3 25. Bb5 Bxd1 26. Bxc6 Qa7 27. Qxd1 Rac8 28. Qxa4 Qb8 29. Qd1 b5 30. Qd3 Qa7 31. Qxb5 Rb8 32. Qa4 Qb6 33. Qd1 Ne8 34. Bxe8 Rxe8 35. Nf1 Qb5 36. Ne3 Bf8 37. Ng4 Bg7 38. Qf1 Qb6 39. Nf6+ 1-0